00737nam a2200241 a 4500001001300000003000900013005001700022008004100039020001000080082001700090245008000107260004300187300000900230500003500239505001400274650003000288650002300318710002700341902000800368942000700376952009700383999001500480nice12345678IN_TiNIC20260116012110.0050524s1958 hyda grp 000 0 eng  ac10000a954.031bCRO aDiplomatic Correspondence Between Mir Nizal Ali Khan & E India Company 1989 aHyderabadbCentral Record Officec1958 a111p aincludes index and biblioraphy2 a1780-1798 aNizams-East India Company aEast India Company2 aCentral Records Office bSRS cBK 00104070aHMIbHMId2007-07-31g100.00l0o954.031 CROp08026r2007-07-31w2026-01-16yEB c5633d5633